Score 0/25 Timer 20:00
2 Plays Today
Hint Answer % Correct
Golden Box???
100%
Silver Box???
99.5%
Lead Box???
99.5%
Red Box???
90.2%
Blue Box???
90.1%
Yellow Box???
90.1%
Orange Box???
79.4%
Green Box???
79.4%
Purple Box???
79.4%
Marble Box???
51.2%
Brick Box???
51.2%
Wood Box???
51.2%
Black Box???
45.2%
Hint Answer % Correct
Gray Box???
45.2%
White Box???
45.2%
Plaid Box???
42.5%
Argyle Box???
42.5%
Solid Box???
42.5%
Plastic Box???
33.4%
Metal Box???
33.4%
Glass Box???
33.4%
Big Box???
24.1%
Medium Box???
24.1%
Small Box???
24.1%
Is the final ring in the Big, Medium, or Small box????
21.9%
Remove Ads.
Support Sporcle.
Get the best of Sporcle when you Go Orange. This ad-free experience offers more features, more stats, and more fun while also helping to support Sporcle. Thank you for becoming a member.

You're not logged in!

Compare scores with friends on all Sporcle quizzes.
OR
Log In

Show Comments

Extras

Top Quizzes Today


Score Distribution

Your Account Isn't Verified!

In order to create a playlist on Sporcle, you need to verify the email address you used during registration. Go to your Sporcle Settings to finish the process.

Report this User

Report this user for behavior that violates our Community Guidelines.

Details: